Condomn̕ios gestô 360 graus /

Bibliographic Details
Main Author: Karpat, Gabriel
Format: eBook
Language:Portuguese
Published: San Pablo: LEUD - Livraria e Editora Universitr̀ia de Direito, 2020
Subjects:
Online Access:Acceso restringido

MARC

LEADER 00000nam a22000007a 4500
005 20210414231817.0
007 cr|||| ||||
008 210414s2020 br |||||s|||| 00||0 por d
020 |a 978-85-7456-380-0 
035 |a 33075 
040 |a vLex 
090 |c 11463  |d 11463 
100 1 |a Karpat, Gabriel 
245 1 0 |a Condomn̕ios  |h [Recurso electrn̤ico] :  |b gestô 360 graus /  |c Gabriel Karpat 
256 |a Servicio en ln̕ea 
260 |a San Pablo:  |b LEUD - Livraria e Editora Universitr̀ia de Direito,  |c 2020 
300 |a 1 recurso electrn̤ico 
506 1 |a Disponible solo en los productos indicados  |d vLex Global  |d vLex Global (Academic Edition, excluding Law Schools)  |d vLex Global (U.S. Academic Edition, Law Schools)  |d vLex Global (U.S. Academic Edition, excluding Law Schools)  |d vLex Global (Academic Edition, Law Schools) 
650 0 4 |a Derecho Civil  |z Brasil 
740 0 |a vLex Libros (Servicio en ln̕ea) 
856 4 0 |u https://vlex.com/source/condominios-gest-o-360-graus-33075  |z Acceso restringido 
942 |c BOOK 
999 0 |a Civil Law